[Event "15th 4NCL Congress"]
[Site "Doncaster"]
[Date "2017.09.09"]
[Round "2.13"]
[White "Willow, Jonah B"]
[Black "Munshi, Aditya"]
[Result "1-0"]
[WhiteElo "2077"]
[BlackElo "1901"]
[PlyCount "139"]
[EventDate "2017.09.08"]

1. e4 c6 2. d4 d5 3. e5 Bf5 4. h4 h5 5. c4 e6 6. Nc3 Ne7 7. Nge2 Nd7 8. Ng3 Bg6
9. Be2 Qb6 10. c5 Qc7 11. Nxh5 Bxh5 12. Bxh5 Nf5 13. Bg4 Nxd4 14. Qxd4 Bxc5 15.
Qd1 Nxe5 16. Bf4 Nd3+ 17. Qxd3 Qxf4 18. Qf3 Qc7 19. O-O-O Rh6 20. Rhf1 Rf6 21.
Qe2 a5 22. Kb1 a4 23. Rc1 Qb6 24. Nd1 a3 25. b3 Bd4 26. f4 O-O-O 27. Bh3 Kb8
28. g4 Rh6 29. h5 g6 30. Bg2 gxh5 31. gxh5 Bf6 32. Bf3 Qd4 33. Nc3 Qb4 34. Qd2
Bg7 35. Ne4 Qe7 36. Nc3 f5 37. Rfe1 Qf6 38. Qd3 Qh4 39. Ne2 Qf6 40. Qc3 Qe7 41.
Qd3 c5 42. Qb5 Rc8 43. Nc3 Qf6 44. Rg1 Bh8 45. Rgd1 Rh7 46. Re1 d4 47. Na4 d3
48. Re5 d2 49. Rcxc5 Rxc5 50. Nxc5 Qd8 51. Bd1 Bxe5 52. fxe5 Re7 53. Qd3 Qc7
54. Qd6 Rg7 55. Nxe6 Qxd6 56. exd6 Rh7 57. Kc2 Kc8 58. Nd4 f4 59. Kxd2 Kd7 60.
Nf5 Ke6 61. Bg4 b6 62. Ke2 Rh8 63. Nh6+ Kf6 64. Nf5 Kg5 65. Kf3 Rd8 66. h6 Rc8
67. d7 Rc3+ 68. Ke2 Rc2+ 69. Kd3 Rc1 70. d8=Q+ 1-0

[Event "15th 4NCL Congress"]
[Site "Doncaster"]
[Date "2017.09.09"]
[Round "2.14"]
[White "Hilton, Tim"]
[Black "Starley, Robert"]
[Result "0-1"]
[WhiteElo "1839"]
[BlackElo "2054"]
[PlyCount "62"]
[EventDate "2017.09.08"]

1. c4 e5 2. g3 Nf6 3. Bg2 h6 4. Nf3 Nc6 5. d3 Bb4+ 6. Bd2 Bxd2+ 7. Qxd2 O-O 8.
Nc3 d6 9. O-O Be6 10. Rab1 a5 11. a3 Qe7 12. b4 axb4 13. axb4 e4 14. Ne1 Bf5
15. Nc2 exd3 16. exd3 Ne5 17. Ne4 Nxe4 18. dxe4 Nxc4 19. Qd5 Be6 20. Qxb7 Rab8
21. Qa7 Nd2 22. Qd4 Nxf1 23. Rxf1 Rb6 24. f4 f6 25. e5 fxe5 26. fxe5 Rxf1+ 27.
Bxf1 dxe5 28. Qe4 Qd6 29. Bd3 Qd5 30. Qg6 Kf8 31. Qh5 Rd6 0-1

[Event "]
[Site "Doncaster"]
[Date "2017.09.09"]
[Round "2.15"]
[White "Whitfield, Craig M"]
[Black "Sheppard, Derek A"]
[Result "1-0"]
[WhiteElo "2054"]
[BlackElo "1817"]
[PlyCount "63"]
[EventDate "2017.09.08"]

1. d4 Nf6 2. Bf4 d5 3. e3 e6 4. Nf3 c5 5. c3 Bd6 6. Bg3 cxd4 7. cxd4 Nc6 8. Nc3
a6 9. Bd3 Nb4 10. Bb1 b6 11. a3 Nc6 12. O-O Bxg3 13. hxg3 O-O 14. Bd3 Bb7 15.
Qe2 Ra7 16. Rac1 Na5 17. b4 Nc6 18. Rc2 Qe7 19. Na4 Nd7 20. Rfc1 b5 21. Nc5
Nxc5 22. Rxc5 Rc8 23. Ne5 Qd6 24. Bxh7+ Kf8 25. Qh5 g6 26. Bxg6 fxg6 27. Qh8+
Ke7 28. Qg7+ Ke8 29. Qxg6+ Ke7 30. Qg7+ Kd8 31. Nxc6+ Rxc6 32. Rxc6 1-0

[Event "15th 4NCL Congress"]
[Site "Doncaster"]
[Date "2017.09.09"]
[Round "2.16"]
[White "Nicholson, Jim Wr"]
[Black "Camp, Imogen Al"]
[Result "1/2-1/2"]
[WhiteElo "2020"]
[BlackElo "1798"]
[PlyCount "88"]
[EventDate "2017.09.08"]

1. d4 d5 2. Nf3 Nf6 3. e3 c6 4. Bd3 Bg4 5. h3 Bh5 6. b3 e6 7. Bb2 Nbd7 8. Nbd2
Be7 9. c4 Bg6 10. Bxg6 hxg6 11. Qc2 O-O 12. O-O Rc8 13. c5 Nh7 14. Ne5 Nxe5 15.
dxe5 Qa5 16. Bd4 Rfd8 17. b4 Qc7 18. Nb3 Nf8 19. Qb2 Nd7 20. f4 f6 21. Nc1 fxe5
22. fxe5 b6 23. Nd3 bxc5 24. bxc5 Rf8 25. Qe2 Rf5 26. Rxf5 gxf5 27. g4 Nf8 28.
Rf1 Qd7 29. Qg2 g6 30. Nf4 Kf7 31. gxf5 gxf5 32. Nh5 Ng6 33. Kh1 Rg8 34. Rg1
Qc8 35. Qe2 Nh4 36. Nf4 Rxg1+ 37. Kxg1 Qg8+ 38. Kh2 Qg5 39. a4 Bd8 40. Qf2 Ba5
41. Nd3 Qh5 42. Nf4 Qg5 43. Nd3 Qh5 44. Nf4 Qg5 1/2-1/2

[Event "15th 4NCL Congress"]
[Site "Doncaster"]
[Date "2017.09.09"]
[Round "2.17"]
[White "Somton, Anita"]
[Black "Burke, Mitchell R"]
[Result "1/2-1/2"]
[WhiteElo "1705"]
[BlackElo "2012"]
[PlyCount "92"]
[EventDate "2017.09.08"]

1. e4 g6 2. Nc3 Bg7 3. f4 c5 4. Nf3 Nc6 5. Bb5 Nd4 6. O-O a6 7. Be2 d6 8. d3 e6
9. Be3 Ne7 10. Bf2 Nec6 11. Nxd4 Nxd4 12. Kh1 O-O 13. Bg4 Rb8 14. Rb1 b5 15.
Ne2 Nxe2 16. Qxe2 Re8 17. c3 f5 18. Bf3 Bb7 19. Qc2 Qc7 20. Bg3 Rbc8 21. Qf2
Bc6 22. Rfe1 Qb7 23. Rbd1 a5 24. Re2 b4 25. cxb4 axb4 26. b3 Bd4 27. Qe1 Qa6
28. exf5 exf5 29. Bxc6 Qxc6 30. Rxe8+ Rxe8 31. Qd2 Bc3 32. Qc2 Qd5 33. a4 Qe6
34. h3 Qe3 35. Kh2 Qd4 36. Kh1 Kf7 37. Kh2 Qe3 38. a5 Qe2 39. Qb1 Ra8 40. Be1
Rxa5 41. Bxc3 bxc3 42. b4 Ra2 43. Qb3+ Kf8 44. Rg1 Rb2 45. Qxc3 cxb4 46. Qh8+
Kf7 1/2-1/2

[Event "15th 4NCL Congress"]
[Site "Doncaster"]
[Date "2017.09.09"]
[Round "2.18"]
[White "Ilett, Raymond J"]
[Black "Jarmany, John"]
[Result "0-1"]
[WhiteElo "1876"]
[BlackElo "2119"]
[PlyCount "52"]
[EventDate "2017.09.08"]

1. d4 d5 2. c4 c6 3. e3 Nf6 4. Nc3 e6 5. Nf3 Be7 6. b3 O-O 7. Bd3 Nbd7 8. O-O
Re8 9. Qc2 h6 10. Bb2 dxc4 11. bxc4 c5 12. Ne5 cxd4 13. exd4 Nxe5 14. dxe5 Nd7
15. Rad1 Qa5 16. Nb5 Nc5 17. Bc3 Qb6 18. Bh7+ Kh8 19. Nd6 Rf8 20. Rb1 Qc7 21.
Rfd1 Bd7 22. Bd4 Ba4 23. Nxf7+ Rxf7 24. Qg6 Raf8 25. Rd2 Rf5 26. Re1 Be8 0-1

[Event "15th 4NCL Congress"]
[Site "Doncaster"]
[Date "2017.09.09"]
[Round "2.19"]
[White "Dargan, Paul Ag"]
[Black "Rita, Joao"]
[Result "1-0"]
[WhiteElo "2104"]
[BlackElo "1969"]
[PlyCount "95"]
[EventDate "2017.09.08"]

1. e4 c6 2. d4 d5 3. Nd2 dxe4 4. Nxe4 Nd7 5. Nf3 Ngf6 6. Nxf6+ Nxf6 7. Ne5 Bf5
8. c3 g6 9. Qb3 Qc8 10. Qxf7+ Kd8 11. Bc4 Ne8 12. Be2 Be6 13. Qf3 Nd6 14. O-O
Bg7 15. Bf4 Rf8 16. Qe3 Nf5 17. Qd2 Ke8 18. c4 Qd8 19. Rad1 Qb6 20. c5 Qd8 21.
b3 Bd5 22. Rfe1 Bxe5 23. Bxe5 Qd7 24. Bg4 e6 25. Bg3 Qf7 26. Re2 Rd8 27. Rde1
h5 28. Bxf5 Qxf5 29. f3 Rf7 30. Bd6 h4 31. Re5 Qf6 32. Rg5 h3 33. Be5 Qe7 34.
Rxg6 hxg2 35. Rg8+ Rf8 36. Bd6 Rxd6 37. cxd6 Qxd6 38. Qxg2 Qf4 39. Qg6+ Kd7 40.
Qg7+ Rf7 41. Qg4 Qd2 42. Rf1 Qe3+ 43. Rf2 Bxf3 44. Qg5 Qxg5+ 45. Rxg5 Ke7 46.
Rg3 Bh5 47. Rxf7+ Bxf7 48. Kf2 1-0

[Event "15th 4NCL Congress"]
[Site "Doncaster"]
[Date "2017.09.09"]
[Round "2.20"]
[White "Head, Louise"]
[Black "Towers, Brian"]
[Result "1-0"]
[WhiteElo "2060"]
[BlackElo "1805"]
[PlyCount "49"]
[EventDate "2017.09.08"]

1. d4 e6 2. c4 f5 3. g3 Nf6 4. Bg2 Be7 5. Nf3 O-O 6. O-O d6 7. Nc3 a5 8. b3 Ne4
9. Nxe4 fxe4 10. Ne1 d5 11. f3 exf3 12. Bxf3 c5 13. e3 dxc4 14. bxc4 Nc6 15.
Bb2 Bf6 16. Nc2 Qc7 17. Qe2 Re8 18. Rab1 e5 19. d5 Nb4 20. a3 Nxc2 21. Qxc2 Bh3
22. Rf2 Ra6 23. Be4 g6 24. Bxg6 hxg6 25. Qxg6+ 1-0

[Event "15th 4NCL Congress"]
[Site "Doncaster"]
[Date "2017.09.09"]
[Round "2.22"]
[White "Dunn, Alan M"]
[Black "Hymer, Barry J"]
[Result "1-0"]
[WhiteElo "2038"]
[BlackElo "1683"]
[PlyCount "65"]
[EventDate "2017.09.08"]

1. d4 g6 2. Bf4 Bg7 3. Nc3 c5 4. e3 Nf6 5. Qd2 O-O 6. Be2 cxd4 7. exd4 d5 8.
Bh6 Nc6 9. Bxg7 Kxg7 10. O-O-O Bf5 11. Kb1 Nb4 12. Rc1 Rc8 13. f3 h5 14. h4 Qa5
15. a3 Na6 16. g4 Bd7 17. Nh3 b5 18. Nf4 b4 19. Na2 hxg4 20. h5 Rh8 21. hxg6
Bf5 22. Rxh8 Rxh8 23. gxf7 Qb6 24. Nxb4 Nxb4 25. axb4 Rh2 26. fxg4 Bxg4 27. Qe3
Kxf7 28. Bxg4 Nxg4 29. Qg3 Qxd4 30. Qxg4 Qe4 31. Qg3 Rd2 32. Nd3 Rg2 33. Rf1+
1-0